|
|
|
|
| LEADER |
01081nam a2200301 a 4500 |
| 001 |
c000171529 |
| 003 |
CARM |
| 005 |
19980910000000.0 |
| 008 |
901105s1991 nyua 001 0 eng |
| 019 |
1 |
|
|a 7659678
|z 21875599
|5 LACONCORD2021
|
| 020 |
|
|
|a 0471529575
|
| 020 |
|
|
|a 0471527548
|
| 035 |
|
|
|a (OCoLC)22731845
|5 LACONCORD2021
|
| 040 |
|
|
|a LC
|b eng
|c LC
|d NU
|
| 050 |
0 |
0 |
|a QA76.64
|b .T44 1991
|
| 082 |
0 |
0 |
|a 005.4/3
|2 20
|
| 100 |
1 |
|
|a Tello, Ernest R.
|
| 245 |
1 |
0 |
|a Object-oriented programming for Windows /
|c Ernest R.Tello.
|
| 260 |
|
|
|a New York :
|b Wiley,
|c c1991.
|
| 300 |
|
|
|a xv, 351 p. :
|b ill. ;
|c 24 cm.
|
| 440 |
|
0 |
|a Wiley professional computing.
|
| 500 |
|
|
|a On cover: Covers Windows 3.
|
| 500 |
|
|
|a Includes index.
|
| 630 |
0 |
0 |
|a Microsoft Windows (Computer file)
|
| 650 |
|
0 |
|a Object-oriented programming (Computer science)
|
| 852 |
8 |
|
|b CARM
|h A3:AD24C0
|i D06736
|p 0226208
|f BK
|
| 999 |
f |
f |
|i 7247bdc3-9ddd-5ea6-ae6c-b3c56350a6e5
|s efe38084-39ce-50e3-ae1f-563d91cf29f7
|
| 952 |
f |
f |
|p Can circulate
|a CAVAL
|b CAVAL
|c CAVAL
|d CARM 1 Store
|e D06736
|f A3:AD24C0
|h Other scheme
|i book
|m 0226208
|